|
|
|
|
| LEADER |
00000cam a22000004a 4500 |
| 001 |
musev2_2013 |
| 003 |
MdBmJHUP |
| 005 |
20230905040256.0 |
| 006 |
m o d |
| 007 |
cr||||||||nn|n |
| 008 |
110103s2011 mnu o 00 0 eng d |
| 010 |
|
|
|z 2010052796
|
| 020 |
|
|
|a 9780873518338
|
| 020 |
|
|
|z 0873518209
|
| 020 |
|
|
|z 0873518330
|
| 020 |
|
|
|z 9780873518208
|
| 035 |
|
|
|a (OCoLC)794924299
|
| 040 |
|
|
|a MdBmJHUP
|c MdBmJHUP
|
| 043 |
|
|
|a n-us---
|a e-no---
|
| 050 |
0 |
4 |
|a E184.S2
|b N852 2011
|
| 082 |
0 |
|
|a 973/.043982
|2 22
|
| 245 |
0 |
0 |
|a Norwegian American Women :
|b Migration, Communities, and Identities /
|c edited by Betty A. Bergland and Lori Ann Lahlum.
|
| 264 |
|
1 |
|a St. Paul, MN :
|b Minnesota Historical Society Press,
|c 2011.
|
| 264 |
|
3 |
|a Baltimore, Md. :
|b Project MUSE,
|c 2012
|
| 264 |
|
4 |
|c ©2011.
|
| 300 |
|
|
|a 1 online resource (320 pages):
|b ill., maps ;
|
| 336 |
|
|
|a text
|b txt
|2 rdacontent
|
| 337 |
|
|
|a computer
|b c
|2 rdamedia
|
| 338 |
|
|
|a online resource
|b cr
|2 rdacarrier
|
| 504 |
|
|
|a Includes bibliographical references (p. 323-338) and index.
|
| 505 |
0 |
|
|a Gendered contexts : Norway and migration -- Gender in Norway in the period of mass emigration / Elisabeth Lonnå -- Norwegian immigration and women / Odd S. Lovoll -- Creating gendered Norwegian American communities -- Women, work, and community in rural Norwegian America, 1840-1920 / Lori Ann Lahlum -- Finding their way in the city : Norwegian immigrant women and their daughters in urban areas, 1880s-1920s / David C. Mauk -- Textile production in Norwegian America / Laurann Gilbertson -- Home, health, and Christian respectability : Norwegian immigrant women in family and community health / Ann M. Legreid -- Land taking at Spirit Lake: the competing logics of Norwegian and Dakota women, 1900 / Karen V. Hansen -- Constructing gendered identities and meanings -- The "hungry heroine" in Norwegian American fiction / Ingrid K. Urberg -- Collective identities in life writings of Norwegian immigrant women / Betty A. Bergland.
|
| 588 |
|
|
|a Description based on print version record.
|
| 650 |
|
0 |
|a Women immigrants in literature.
|
| 650 |
|
0 |
|a Women immigrants
|z United States
|x Economic conditions.
|
| 650 |
|
0 |
|a Women immigrants
|z United States
|x Social conditions.
|
| 650 |
|
0 |
|a Women immigrants
|z United States
|x History.
|
| 650 |
|
0 |
|a Norwegian Americans in literature.
|
| 650 |
|
0 |
|a Norwegian American women
|x Economic conditions.
|
| 650 |
|
0 |
|a Norwegian American women
|x Social conditions.
|
| 650 |
|
0 |
|a Norwegian American women
|x History.
|
| 651 |
|
0 |
|a United States
|x Emigration and immigration
|x History.
|
| 655 |
|
7 |
|a Electronic books.
|2 local
|
| 700 |
1 |
|
|a Lahlum, Lori Ann,
|d 1962-
|
| 700 |
1 |
|
|a Bergland, Betty A.,
|d 1943-
|
| 710 |
2 |
|
|a Project Muse.
|e distributor
|
| 830 |
|
0 |
|a Book collections on Project MUSE.
|
| 856 |
4 |
0 |
|z Texto completo
|u https://projectmuse.uam.elogim.com/book/2013/
|
| 945 |
|
|
|a Project MUSE - Custom Collection
|
| 945 |
|
|
|a Project MUSE - 2011 American Studies
|
| 945 |
|
|
|a Project MUSE - 2011 Complete
|
| 945 |
|
|
|a Project MUSE - 2011 Global Cultural Studies
|